History of indian education (Record no. 3479)
[ view plain ]
| 000 -LEADER | |
|---|---|
| fixed length control field | 00467cam a2200193ua 4500 |
| 001 - CONTROL NUMBER | |
| control field | 3641 |
| 005 - DATE AND TIME OF LATEST TRANSACTION | |
| control field | 20260515113717.0 |
| 008 - FIXED-LENGTH DATA ELEMENTS--GENERAL INFORMATION | |
| fixed length control field | 111125n ii |||gr||||Z||||||eng |
| 040 ## - CATALOGING SOURCE | |
| Transcribing agency | MAIN |
| 082 ## - DEWEY DECIMAL CLASSIFICATION NUMBER | |
| Classification number | 370.54 |
| 100 ## - MAIN ENTRY--PERSONAL NAME | |
| Personal name | Rai, B. C., |
| 245 11 - TITLE STATEMENT | |
| Title | History of indian education |
| Statement of responsibility, etc. | by B. C. Rai |
| 250 ## - EDITION STATEMENT | |
| Edition statement | 1st. |
| 260 ## - PUBLICATION, DISTRIBUTION, ETC. | |
| Place of publication, distribution, etc. | Lucknow: |
| Name of publisher, distributor, etc. | Prakashan Kendra,996. |
| 300 ## - PHYSICAL DESCRIPTION | |
| Extent | 189p: |
| Dimensions | 23cm. |
| 653 ## - INDEX TERM--UNCONTROLLED | |
| Uncontrolled term | Education |
| 653 ## - INDEX TERM--UNCONTROLLED | |
| Uncontrolled term | History of indian education |
| 942 ## - ADDED ENTRY ELEMENTS (KOHA) | |
| Koha item type | Books |
| Withdrawn status | Lost status | Damaged status | Not for loan | Home library | Current library | Shelving location | Date acquired | Total checkouts | Full call number | Barcode | Date last seen | Copy number | Price effective from | Koha item type |
|---|---|---|---|---|---|---|---|---|---|---|---|---|---|---|
| Naharkatiya College Library | Naharkatiya College Library | General stacks | 09/19/2020 | 370.54 | RAI | 11363(A) | 09/19/2020 | 1 | 09/19/2020 | Books |